Score 0/15 Timer 05:00
0 Plays Today
% Correct
Jack Sparrow
95.4%
Captain Hook
74.2%
Captain Nemo
70.3%
Edward 'Blackbeard' Teach
60.2%
Long John Silver
39.8%
Dread Pirate Roberts
37.7%
Captain Pugwash
30%
Malcolm 'Mal' Reynolds
24.4%
% Correct
Bartholomew 'Black Bart' Roberts
16.7%
William Kidd
15.7%
Captain Blood
14.3%
Samuel 'Black Sam' Bellamy
13.1%
Thomas Tew
10.4%
William Kyd
10%
Edward 'Ned' Low
9.3%
Remove Ads.
Support Sporcle.
Get the best of Sporcle when you Go Orange. This ad-free experience offers more features, more stats, and more fun while also helping to support Sporcle. Thank you for becoming a member.

You're not logged in!

Compare scores with friends on all Sporcle quizzes.
OR
Log In

Show Comments

Extras

Top Quizzes Today


Score Distribution

Your Account Isn't Verified!

In order to create a playlist on Sporcle, you need to verify the email address you used during registration. Go to your Sporcle Settings to finish the process.

Report this User

Report this user for behavior that violates our Community Guidelines.

Details: